000 00606nam a2200205 a 4500
005 20210219152911.0
008 991125n 000 0 eng u
035 _aUPN01000066288
100 _aHAMMILL, Donald D.
222 _aJOURNAL OF LEARNING DISABILITIES
245 _aA brief look at the learning disabilities movement in the United States
300 _a295-310
362 _a1993 Vol.26, no. 5, may.
653 0 _aDISCAPACITADOS
653 0 _aEDUCACION ESPECIAL
653 0 _aESTADOS UNIDOS DE AMERICA
653 0 _aPROBLEMAS DE APRENDIZAJE
904 _aAC
_b004099
905 _aArticulo
999 _c63427
_d63427